000 00562nam a22001577a 4500
005 20120605163046.0
020 _a8176489336
_c695.00
035 _aB-158949
037 _aDPL
_bENG
100 _aSingh, Yogesh Kumar
_948465
245 _aTeaching of psychology /
_cby Yogesh Kumar Singh
260 _aNew Delhi
_bAPH Publishing Corporation
_c2005
300 _av, 276p.
_c20 cms.
942 _2ddc
_cEN
_h372.3044
_mYOG
999 _c67526
_d67526